Preparing a slide show

Gardado en:
Detalles Bibliográficos
Formato: Libro
Idioma:Undetermined
Publicado: California Soft Ware Publishing (SPC)
Những chủ đề:
Các nhãn: Engadir etiqueta
Sen Etiquetas, Sexa o primeiro en etiquetar este rexistro!
Thư viện lưu trữ: Trung tâm Học liệu Trường Đại học Cần Thơ
LEADER 00414nam a2200145Ia 4500
001 CTU_30047
008 210402s9999 xx 000 0 und d
082 |a 621.38195 
082 |b P922 
245 0 |a Preparing a slide show 
260 |a California 
260 |b Soft Ware Publishing (SPC) 
650 |a computer program languages 
904 |i Liên, 990224 
980 |a Trung tâm Học liệu Trường Đại học Cần Thơ